Guess the Kanye song based on lyrics - Statistics

General Stats
  • This quiz has been taken 129 times
  • The average score is 7 of 14
Answer Stats
Hint Answer % Correct
Fallin', dreamin', talkin' in your sleep, I know you wantto cry all night, all night Violent Crimes
85%
so instead of sending flowers, We the (song name) Roses
68%
One hand in the air if you don't really care, 2 hands in the air if you don't really care. So Appalled
66%
Damn, baby, I cant do it that fast, But I know someone who can Slow Jamz
65%
can I talk my Sh*t again, even if I don't hit again The Glory
60%
B*tch I'm back out my coma, wakin up on your sofa, when I parked my range Rover, slightly scratched your Corolla, Ok I smashed your corolla Hold My Liquor
56%
I wanna go to the (song name), Don't leave so soon(x2)How can I get through(x2) Moon
54%
Ooh, I love you so, but why i love you I never know Why I Love You
41%
On lonely nights I start to fade(x2), Her love is thousandmiles away(x2) Coldest Winter
38%
Ayy, Y'all hear about the good news? Y'all sleeping onme, huh? Had a good Snooze? Feedback
32%
free Larry free Young Thug(x2) RIVER
32%
I hope he's bright, and big, and strong(x2) You already know what im on, Tell em don't wait up for me pulling up drop top porsche, This that glory STARS
27%
"How you get so much favor on your side?", "Accept himas your Lord and savior," I replied On God
23%
I mean, you only want two and a half minutes, If you can get it, you know, three minutes max 4th dimension
16%
No matching quizzes found
Score Distribution
Percent of People with Each Score
Percentile by Number Answered
Your Score History
You have not taken this quiz